Physical science
में बचाया:
| मुख्य लेखक: | |
|---|---|
| स्वरूप: | पुस्तक |
| भाषा: | Vietnamese |
| प्रकाशित: |
McGraw-Hill
1999
|
| टैग : |
टैग जोड़ें
कोई टैग नहीं, इस रिकॉर्ड को टैग करने वाले पहले व्यक्ति बनें!
|
| Thư viện lưu trữ: | Mạng thư viện Đại học Đà Nẵng |
|---|
| LEADER | 00596nam a2200253 4500 | ||
|---|---|---|---|
| 001 | 000021475 | ||
| 003 | 17923 | ||
| 005 | 20150421150413.0 | ||
| 008 | 150421s1999 viesd | ||
| 020 | |c 00 | ||
| 041 | 0 | |a vie | |
| 082 | 1 | 4 | |a 500,2 |b TI-B |
| 100 | 1 | |a Tillery, Bill W | |
| 245 | 1 | 0 | |a Physical science |c Bill W. Tillery |
| 260 | |b McGraw-Hill |c 1999 | ||
| 300 | |a tr. |c cm. | ||
| OWN | |a LSP | ||
| 999 | |a From the UDN01 | ||
| TYP | |a Monograph | ||
| TYP | |a Printed language | ||
| 980 | |a Mạng thư viện Đại học Đà Nẵng | ||